ბათუმის შოთა რუსთაველის სახელმწიფო უნივერსიტეტის ბიბლიოთეკა

გადაცემები მანქანათმშენებლობაში=Передачи в машиностроении.(კბილანა,ღვედური და ჯაჭვური გადაცემები). (ბიბ.ჩანაწერი № 39579)

000 -LEADER
fixed length control field 01033nam a2200217Ia 4500
001 - CONTROL NUMBER
control field 6178
003 - CONTROL NUMBER IDENTIFIER
control field GE_BSU
008 - FIXED-LENGTH DATA ELEMENTS--GENERAL INFORMATION
fixed length control field 181216s||||||||xx |||||||||||||| ||und||
040 ## - CATALOGING SOURCE
Transcribing agency GE_BSU
080 ## - UNIVERSAL DECIMAL CLASSIFICATION NUMBER
Universal Decimal Classification number 621.833+621.855
100 ## - MAIN ENTRY--PERSONAL NAME
Personal name გოთოშია,გ.ს.
245 ## - TITLE STATEMENT
Title გადაცემები მანქანათმშენებლობაში=Передачи в машиностроении.(კბილანა,ღვედური და ჯაჭვური გადაცემები).
245 ## - TITLE STATEMENT
Remainder of title ძირითდი მასალები მანქანათა ნაწილების საკურსო პროექტისათვის.
245 ## - TITLE STATEMENT
Statement of responsibility, etc. რედ. ი.ბაქრაძე.
260 ## - PUBLICATION, DISTRIBUTION, ETC.
Place of publication, distribution, etc. თბ.
260 ## - PUBLICATION, DISTRIBUTION, ETC.
Name of publisher, distributor, etc. ცოდნა.
260 ## - PUBLICATION, DISTRIBUTION, ETC.
Date of publication, distribution, etc. 1960.
300 ## - PHYSICAL DESCRIPTION
Extent 214გვ;20სმ;ილ;ბიბლიოგრ.:გვ.212.
653 ## - INDEX TERM--UNCONTROLLED
Uncontrolled term გადაცემები მანქანათმშენებლობაში.
942 ## - ADDED ENTRY ELEMENTS (KOHA)
Koha item type წიგნი

არაა ხელმისაწვდომი ეგზემპლარები.